Whistle blowing as an anti-corruption tool (Record no. 493379)

000 -LEADER
fixed length control field 00500cam a22001457a 4500
008 - FIXED-LENGTH DATA ELEMENTS--GENERAL INFORMATION
fixed length control field 180718b2006 xxu||||| |||| 00| 0 eng d
082 ## - DEWEY DECIMAL CLASSIFICATION NUMBER
Classification number APPPA/2005-06/JAR/20
100 ## - MAIN ENTRY--PERSONAL NAME
Personal name Jarodia, S..C
245 ## - TITLE STATEMENT
Title Whistle blowing as an anti-corruption tool
Statement of responsibility, etc. by S.C. Jarodia
260 ## - PUBLICATION, DISTRIBUTION, ETC.
Place of publication, distribution, etc. New Delhi
Name of publisher, distributor, etc. Indian Institute of Public Administration
Date of publication, distribution, etc. 2006
300 ## - PHYSICAL DESCRIPTION
Extent 74+p.
500 ## - GENERAL NOTE
General note An APPPA M.Phil dissertation, 2005-06 (Guide: Prof. Sushma Yadav)
650 ## - SUBJECT ADDED ENTRY--TOPICAL TERM
Topical term or geographic name entry element Anti-corruption tool
650 ## - SUBJECT ADDED ENTRY--TOPICAL TERM
Topical term or geographic name entry element Whistle blowing
Holdings
Withdrawn status Lost status Damaged status Not for loan Permanent Location Current Location Date acquired Full call number Barcode Date last seen Price effective from Koha item type
        Indian Institute of Public Administration Indian Institute of Public Administration 2018-08-04 APPPA/2005-06/JAR/20 GR17699 2018-08-04 2018-08-04 GR

Powered by Koha